A Review of Natural History Reserch in the Muslim World. (Record no. 348896)
[ view plain ]
| 000 -LEADER | |
|---|---|
| fixed length control field | 00431 a2200145 4500 |
| 082 ## - DEWEY DECIMAL CLASSIFICATION NUMBER | |
| Classification number | 297.09 |
| 090 ## - LOCALLY ASSIGNED LC-TYPE CALL NUMBER (OCLC); LOCAL CALL NUMBER (RLIN) | |
| -- | 6537 |
| -- | 6537 |
| 100 ## - MAIN ENTRY--PERSONAL NAME | |
| Personal name | Mirza,Muhammad Ramzan |
| 245 ## - TITLE STATEMENT | |
| Title | A Review of Natural History Reserch in the Muslim World. |
| Statement of responsibility, etc. | Dr.Muhammad Ramzan Mirza |
| 250 ## - EDITION STATEMENT | |
| Edition statement | 1st. |
| 260 ## - PUBLICATION, DISTRIBUTION, ETC. | |
| Place of publication, distribution, etc. | Islamabad. |
| Name of publisher, distributor, etc. | Research Unit for science in islamic polity. |
| Date of publication, distribution, etc. | 1983. |
| 300 ## - PHYSICAL DESCRIPTION | |
| Extent | 144p. |
| 500 ## - GENERAL NOTE | |
| General note | Paper cover |
| 942 ## - ADDED ENTRY ELEMENTS (KOHA) | |
| Institution code [OBSOLETE] | NBS |
| Koha item type | Book |
| Call number prefix | 297.09 MIR |
| Withdrawn status | Lost status | Damaged status | Not for loan | Permanent Location | Current Location | Date acquired | Total Checkouts | Full call number | Barcode | Date last seen | Price effective from | Koha item type |
|---|---|---|---|---|---|---|---|---|---|---|---|---|
| Central Library (CL) | Central Library (CL) | 08/28/2013 | 297.09 MIR | NBSD-1817 | 09/08/2016 | 08/28/2013 | Book |
